| 000 | 00546nam a2200205Ia 4500 | ||
|---|---|---|---|
| 999 |
_c1830 _d1830 |
||
| 001 | 17987790 | ||
| 003 | OCoLC | ||
| 005 | 20180921124850.0 | ||
| 008 | 880523s1984 coua 000 0 eng d | ||
| 020 | _a1564410161 (pb) | ||
| 040 |
_aOKO _cOKO _dMOG _dBGU |
||
| 082 |
_a237.4 _bH628s |
||
| 090 |
_aBT846.2 _b.H52 1984 |
||
| 100 | 1 | _aHickey, Marilyn | |
| 245 | 1 | 0 |
_aSigns in the heavens / _cMarilyn Hickey |
| 260 |
_aDenver, Colo. : _bMarilyn Hickey Ministries, _cc1984 |
||
| 300 |
_a127 p. : _bill. ; _c21 cm |
||
| 650 | 0 | _aHeaven | |
| 942 |
_2ddc _cBK |
||